000 00739pab a2200169 454500
008 180718b2002 xxu||||| |||| 00| 0 eng d
100 _aAgrawal, Rakesh
245 _aConserving forests in Uttarakhand: people's initiative
260 _c2002
300 _ap.3881-883.
362 _a21 Sep
520 _aPreserving the fragile ecosystem of the mountains and its rich biodiversity requires people's initiative, involvement and commitment. women in a village in the Kumaon Hills faced with the gradual destruction of the forests around have come together to protect and nurture them. - Reproduced.
650 _aForests - India - Uttarakhand
650 _aForest management
773 _aEconomic and Political Weekly
909 _a53922
999 _c53922
_d53922